<?xml version="1.0" encoding="UTF-8"?>
<record
    xmlns:xsi="http://www.w3.org/2001/XMLSchema-instance"
    xsi:schemaLocation="http://www.loc.gov/MARC21/slim http://www.loc.gov/standards/marcxml/schema/MARC21slim.xsd"
    xmlns="http://www.loc.gov/MARC21/slim">

  <leader>05743nam a2200481 a 4500</leader>
  <controlfield tag="003">CHAP</controlfield>
  <controlfield tag="005">20240618114117.0</controlfield>
  <controlfield tag="007">ta</controlfield>
  <controlfield tag="008">220906s2019    mx adb|frm||| 001 0 spa d</controlfield>
  <datafield tag="040" ind1=" " ind2=" ">
    <subfield code="a">mxchpua</subfield>
    <subfield code="c">CHAP</subfield>
    <subfield code="e">rda</subfield>
  </datafield>
  <datafield tag="041" ind1="0" ind2=" ">
    <subfield code="a">spa</subfield>
    <subfield code="b">eng</subfield>
  </datafield>
  <datafield tag="090" ind1=" " ind2=" ">
    <subfield code="a">Tesis </subfield>
    <subfield code="b">R637 </subfield>
    <subfield code="c">2019</subfield>
  </datafield>
  <datafield tag="100" ind1="1" ind2=" ">
    <subfield code="a">Rodr&#xED;quez P&#xE9;rez, Alvin Alejandro</subfield>
  </datafield>
  <datafield tag="245" ind1="1" ind2="0">
    <subfield code="a">An&#xE1;lisis de la cadena agroalimentaria con denominaci&#xF3;n de origen en Chiapas :</subfield>
    <subfield code="b">caso caf&#xE9; /</subfield>
    <subfield code="c">Alvin Alejandro Rodr&#xED;guez P&#xE9;rez</subfield>
  </datafield>
  <datafield tag="264" ind1=" " ind2=" ">
    <subfield code="a">Chapingo, M&#xE9;xico :</subfield>
    <subfield code="b">El autor,</subfield>
    <subfield code="c">2019</subfield>
  </datafield>
  <datafield tag="300" ind1=" " ind2=" ">
    <subfield code="a">xiii, 104 hojas :</subfield>
    <subfield code="b">ilustraciones, mapas, gr&#xE1;ficas +</subfield>
    <subfield code="e">1 CD-ROM</subfield>
  </datafield>
  <datafield tag="336" ind1=" " ind2=" ">
    <subfield code="2">rdacontent</subfield>
    <subfield code="a">texto</subfield>
    <subfield code="b">txt</subfield>
  </datafield>
  <datafield tag="337" ind1=" " ind2=" ">
    <subfield code="2">rdamedia</subfield>
    <subfield code="a">no mediado</subfield>
    <subfield code="b">n</subfield>
  </datafield>
  <datafield tag="338" ind1=" " ind2=" ">
    <subfield code="2">rdacarrier</subfield>
    <subfield code="a">volumen</subfield>
    <subfield code="b">nc</subfield>
  </datafield>
  <datafield tag="502" ind1=" " ind2=" ">
    <subfield code="a">Tesis</subfield>
    <subfield code="b">(Ingeniero Agroindustrial) -- </subfield>
    <subfield code="c">UACh. Departamento de Ingenier&#xED;a Agroindustrial,</subfield>
    <subfield code="d">2019</subfield>
  </datafield>
  <datafield tag="504" ind1=" " ind2=" ">
    <subfield code="a">Bibliograf&#xED;a: hojas 93-96</subfield>
  </datafield>
  <datafield tag="520" ind1="3" ind2=" ">
    <subfield code="a">M&#xE9;xico es el principal productor de caf&#xE9; org&#xE1;nico a nivel internacional, la mayor&#xED;a de esta producci&#xF3;n se concentra en el estado de Chiapas en las regiones (Sierra, Los Altos y Soconusco). Desde el 2003, el caf&#xE9; chiapaneco ha sido reconocido a nivel internacional obteniendo la Denominaci&#xF3;n de Origen (DO) y en 2007 su Norma Oficial Mexicana. Sin embargo, los productores enfrentan problemas relacionados con la producci&#xF3;n, comercializaci&#xF3;n y bajos precios. Esta investigaci&#xF3;n tiene por objetivo analizar el impacto de la DO en la cadena Agroalimentaria del caf&#xE9; de Chiapas y la percepci&#xF3;n del consumidor en la misma. Se entrevist&#xF3; a los actores de la Red de valor para analizar las caracter&#xED;sticas socioecon&#xF3;micas y de innovaci&#xF3;n de los productores y agroindustrias. Se analizaron las caracter&#xED;sticas y requisitos de los clientes. Con la aplicaci&#xF3;n del Benchmarking se compar&#xF3; con los competidores y mediante entrevistas se estudi&#xF3; el aporte de los complementadores. Los resultados obtenidos sugieren que los productores adoptan pocas innovaciones (37 %). Los productores que m&#xE1;s utilidad generan son los que adoptan innovaciones correspondientes a la organizaci&#xF3;n y sanidad. De igual forma se observ&#xF3; que las agroindustrias con mayor &#xED;ndice de innovaci&#xF3;n en el proceso, administraci&#xF3;n y adem&#xE1;s realizan beneficio h&#xFA;medo y seco obtienen mayor utilidad.  
Se encontr&#xF3; que el 86 % de los consumidores presentaron una disposici&#xF3;n a pagar (DAP) positiva para un caf&#xE9; con Denominaci&#xF3;n de Origen y que los atributos del caf&#xE9; se valoran de manera individual y no en conjunto. As&#xED; mismo, se observ&#xF3; que la regi&#xF3;n geogr&#xE1;fica de los consumidores tiene influencia en conceptualizaci&#xF3;n del caf&#xE9;. 
La Denominaci&#xF3;n de Origen no es aprovechada por ning&#xFA;n actor de la Red de valor debido a problemas de difusi&#xF3;n de informaci&#xF3;n y descontinuaci&#xF3;n de la distinci&#xF3;n por parte del consejo regulador de la calidad del Caf&#xE9; Chiapas.
</subfield>
  </datafield>
  <datafield tag="520" ind1="3" ind2=" ">
    <subfield code="a">Mexico is the main producer of organic coffee internationally, the majority of this production is concentrated in the state of Chiapas in the regions (Sierra, Los Altos and Soconusco). Since 2003, coffee from Chiapas has been recognized internationally obtaining the Apellation of Origin (AO) and in 2007 its Official Mexican Standard.
Nevertheless, producers face problems related to production, marketing, and low prices. This research aims to analyze the impact of the AO on Chiapas coffee agrifood chain and consumer's perception of it. Actors of Value Network were interviewed to analyze the socio-economic and innovation characteristics of producers and agribusinesses. Characteristics and requirements of the clients were analyzed. With Benchmarking method, competitors were compared and contributions of complements were studied through interviews. Results obtained suggest that producers adopt few innovations (37%). Producers that generate more utility are those that adopt innovations corresponding to organization and quality. Similarly, it was observed that agribusinesses with a higher index of innovation in the process, administration and also perform wet and dry process obtain greater utility. 
It was found that 86 % of consumers presented a positive willingness to pay (WTP) in coffee with apellation of origin and coffee attributes are valued individually and not as a whole. In the same way, it was observed that geographic region of consumers has influence on the conceptualization of coffee. 
The Apellation of Origin is not taken advantage of by any actor of Value Network due to problems of dissemination of information and discontinuation of distinction by Caf&#xE9; Chiapas quality regulatory council. </subfield>
  </datafield>
  <datafield tag="650" ind1="1" ind2="3">
    <subfield code="a">Caf&#xE9;</subfield>
    <subfield code="x">Denominaci&#xF3;n de origen protegida</subfield>
    <subfield code="z">M&#xE9;xico</subfield>
    <subfield code="z">Chiapas</subfield>
    <subfield code="2">atg</subfield>
  </datafield>
  <datafield tag="650" ind1="1" ind2="3">
    <subfield code="a">Caf&#xE9;</subfield>
    <subfield code="x">Cadena de suministro</subfield>
    <subfield code="2">atg</subfield>
  </datafield>
  <datafield tag="650" ind1="1" ind2="3">
    <subfield code="a">Caf&#xE9;</subfield>
    <subfield code="x">Valor de mercado</subfield>
    <subfield code="2">atg</subfield>
  </datafield>
  <datafield tag="650" ind1="1" ind2="3">
    <subfield code="a">Denominaci&#xF3;n de origen protegida  </subfield>
    <subfield code="x">Actitudes del consumidor</subfield>
    <subfield code="2">atg</subfield>
  </datafield>
  <datafield tag="650" ind1="1" ind2="3">
    <subfield code="a">Denominaci&#xF3;n de origen protegida  </subfield>
    <subfield code="x">La opini&#xF3;n p&#xFA;blica</subfield>
    <subfield code="2">atg</subfield>
  </datafield>
  <datafield tag="650" ind1="1" ind2="3">
    <subfield code="a">Denominaci&#xF3;n de origen protegida  </subfield>
    <subfield code="x">Entrevistas</subfield>
    <subfield code="2">atg</subfield>
  </datafield>
  <datafield tag="650" ind1="1" ind2="3">
    <subfield code="a">Adopci&#xF3;n de innovaciones</subfield>
    <subfield code="x">Productores</subfield>
    <subfield code="2">atg</subfield>
  </datafield>
  <datafield tag="650" ind1="1" ind2="3">
    <subfield code="a">Coffee  </subfield>
    <subfield code="x">Protected designation of origin</subfield>
    <subfield code="z">Mexico</subfield>
    <subfield code="z">Chiapas</subfield>
    <subfield code="2">atg</subfield>
  </datafield>
  <datafield tag="650" ind1="1" ind2="3">
    <subfield code="a">Coffee  </subfield>
    <subfield code="x">Supply chain</subfield>
    <subfield code="2">atg</subfield>
  </datafield>
  <datafield tag="650" ind1="1" ind2="3">
    <subfield code="a">Coffee  </subfield>
    <subfield code="x">Market value</subfield>
    <subfield code="2">atg</subfield>
  </datafield>
  <datafield tag="650" ind1="1" ind2="3">
    <subfield code="a">Protected designation of origin  </subfield>
    <subfield code="x">Public opinion</subfield>
    <subfield code="2">atg</subfield>
  </datafield>
  <datafield tag="650" ind1="1" ind2="3">
    <subfield code="a">Protected designation of origin  </subfield>
    <subfield code="x">Consumer attitudes</subfield>
    <subfield code="2">atg</subfield>
  </datafield>
  <datafield tag="700" ind1="1" ind2=" ">
    <subfield code="a">Espejel Garc&#xED;a, Anastacio</subfield>
    <subfield code="e">director</subfield>
  </datafield>
  <datafield tag="700" ind1="1" ind2=" ">
    <subfield code="a">Barrera Rodr&#xED;guez, Ariadna Isabel</subfield>
    <subfield code="e">asesor</subfield>
  </datafield>
  <datafield tag="700" ind1="1" ind2=" ">
    <subfield code="a">Ram&#xED;rez Sep&#xFA;lveda, Marco Favio</subfield>
    <subfield code="e">asesor</subfield>
  </datafield>
  <datafield tag="856" ind1="4" ind2="1">
    <subfield code="u">http://10.13.5.2/tesis/tl/Rodiguez_Perez_Alvin_Alejandro.pdf</subfield>
    <subfield code="y">DESCARGAR PDF</subfield>
  </datafield>
  <datafield tag="942" ind1=" " ind2=" ">
    <subfield code="2">Clasificaci&#xF3;n Universidad Aut&#xF3;noma Chapingo</subfield>
    <subfield code="c">TESIS</subfield>
  </datafield>
  <datafield tag="999" ind1=" " ind2=" ">
    <subfield code="c">217653</subfield>
    <subfield code="d">217653</subfield>
  </datafield>
  <datafield tag="952" ind1=" " ind2=" ">
    <subfield code="0">0</subfield>
    <subfield code="1">0</subfield>
    <subfield code="2">local</subfield>
    <subfield code="4">0</subfield>
    <subfield code="5">1</subfield>
    <subfield code="7">0</subfield>
    <subfield code="8">TESIS</subfield>
    <subfield code="a">IA_</subfield>
    <subfield code="b">IA_</subfield>
    <subfield code="d">2022-09-06</subfield>
    <subfield code="e">El autor</subfield>
    <subfield code="l">0</subfield>
    <subfield code="o">Tesis R637 2019</subfield>
    <subfield code="p">1101013631</subfield>
    <subfield code="r">2026-02-02 00:00:00</subfield>
    <subfield code="t">Ej. 1</subfield>
    <subfield code="y">TESIS</subfield>
  </datafield>
  <datafield tag="952" ind1=" " ind2=" ">
    <subfield code="0">0</subfield>
    <subfield code="1">0</subfield>
    <subfield code="2">local</subfield>
    <subfield code="4">0</subfield>
    <subfield code="5">1</subfield>
    <subfield code="7">0</subfield>
    <subfield code="8">TESIS</subfield>
    <subfield code="a">IA_</subfield>
    <subfield code="b">IA_</subfield>
    <subfield code="d">2022-09-06</subfield>
    <subfield code="e">El autor</subfield>
    <subfield code="l">0</subfield>
    <subfield code="o">Tesis R637 2019</subfield>
    <subfield code="p">1101013632</subfield>
    <subfield code="r">2022-09-06 00:00:00</subfield>
    <subfield code="t">Ej. 2</subfield>
    <subfield code="y">CD</subfield>
  </datafield>
  <datafield tag="952" ind1=" " ind2=" ">
    <subfield code="0">0</subfield>
    <subfield code="1">0</subfield>
    <subfield code="2">local</subfield>
    <subfield code="4">0</subfield>
    <subfield code="7">0</subfield>
    <subfield code="8">TesDigL</subfield>
    <subfield code="a">IA_</subfield>
    <subfield code="b">IA_</subfield>
    <subfield code="c">E_L</subfield>
    <subfield code="d">2024-02-06</subfield>
    <subfield code="e">El autor</subfield>
    <subfield code="l">0</subfield>
    <subfield code="p">1201013631</subfield>
    <subfield code="r">2024-02-06 00:00:00</subfield>
    <subfield code="w">2024-02-06</subfield>
    <subfield code="y">TD</subfield>
  </datafield>
  <datafield tag="952" ind1=" " ind2=" ">
    <subfield code="0">0</subfield>
    <subfield code="1">0</subfield>
    <subfield code="2">local</subfield>
    <subfield code="4">0</subfield>
    <subfield code="5">1</subfield>
    <subfield code="7">0</subfield>
    <subfield code="8">TesDigL</subfield>
    <subfield code="a">BD</subfield>
    <subfield code="b">BD</subfield>
    <subfield code="c">E_L</subfield>
    <subfield code="d">2024-08-30</subfield>
    <subfield code="l">0</subfield>
    <subfield code="o">Tesis digital</subfield>
    <subfield code="r">2024-08-30 15:10:42</subfield>
    <subfield code="w">2024-08-30</subfield>
    <subfield code="y">TD</subfield>
  </datafield>
</record>
